000 00222 a2200097 4500
001 46349
100 _aSaib, Syed Husaini
245 _aKalam Saib Hyder Abadi
260 _aKarachi
_bAiwan-e-Urdu
_c
090 _c29468
_d29468
942 _aNUST-CAE
_cM
_c21633
999 _c281422
_d281422